[Event "FRA-chB"]
[Site "Aix les Bains"]
[Date "2007.08.18"]
[Round "6"]
[White "Maze, Sebastien"]
[Black "Kouatly, Bachar"]
[Result "1/2-1/2"]
[WhiteElo "2530"]
[BlackElo "2475"]
[PlyCount "78"]
[EventDate "2007.08.13"]
[EventType "tourn"]
[EventRounds "11"]
[EventCountry "FRA"]
[EventCategory "9"]
[SourceTitle "CBM 120 Extra"]
[Source "ChessBase"]
[SourceDate "2007.11.01"]
[SourceVersion "1"]
[SourceVersionDate "2007.11.01"]
[SourceQuality "1"]

1. e4 c5 2. Nf3 e6 3. d4 cxd4 4. Nxd4 Nf6 5. Nc3 Nc6 6. Nxc6 bxc6 7. e5 Nd5 8. Ne4 Qc7 9. f4 c5 10. c4 Nb4 11. Be2 Bb7 12. Bf3 Rd8 13. a3 Bxe4 14. Bxe4 Nc6 15. Be3 Be7 16. 0-0 a5 17. Kh1 0-0 18. Qf3 Nd4 19. Qh3 g6 20. Rad1 Rb8 21. Rf2 Rb3 22. Rd3 Rfb8 23. Bxd4 Rxd3 24. Bxd3 cxd4 25. Qf3 Rb3 26. Qe2 d6 27. exd6 Bxd6 28. g3 Kg7 29. Kg1 h5 30. Qc2 a4 31. Kf1 h4 32. Qe2 Qc6 33. Ke1 hxg3 34. hxg3 Qh1+ 35. Rf1 Qh3 36. Rf3 Qh1+ 37. Rf1 Qh3 38. Rf3 Qh1+ 39. Rf1 Qh3 1/2-1/2

[Event "FRA-chB"]
[Site "Aix les Bains"]
[Date "2007.08.13"]
[Round "1"]
[White "Libiszewski, Fabien"]
[Black "Kouatly, Bachar"]
[Result "0-1"]
[WhiteElo "2469"]
[BlackElo "2475"]
[PlyCount "132"]
[EventDate "2007.08.13"]
[EventType "tourn"]
[EventRounds "11"]
[EventCountry "FRA"]
[EventCategory "9"]
[SourceTitle "CBM 120 Extra"]
[Source "ChessBase"]
[SourceDate "2007.11.01"]
[SourceVersion "1"]
[SourceVersionDate "2007.11.01"]
[SourceQuality "1"]

1. e4 c5 2. Nf3 e6 3. d3 d5 4. Qe2 Nf6 5. g3 g6 6. exd5 Nxd5 7. Bg5 f6 8. Bc1 Bg7 9. Bg2 Nc6 10. 0-0 0-0 11. c3 f5 12. a3 Re8 13. Bg5 Qd7 14. c4 Nc7 15. Qd2 e5 16. Nc3 b6 17. Nh4 Rb8 18. b4 Ne6 19. Nd5 Qf7 20. Bh6 Bh8 21. Rab1 Bb7 22. Rfe1 Ne7 23. bxc5 Nxc5 24. d4 exd4 25. Bf4 Ne4 26. Nxe7+ Qxe7 27. Qa2 Qf7 28. Bxb8 Rxb8 29. Qc2 Rc8 30. Rbc1 b5 31. Bf1 Bd5 32. f3 Nd6 33. c5 Nc4 34. Bd3 Bf6 35. a4 a6 36. axb5 axb5 37. Qe2 Kf8 38. Kf2 Qc7 39. Ng2 Bg5 40. h4 Bxc1 41. Rxc1 Re8 42. Qc2 Qxc5 43. h5 g5 44. Rb1 Kg7 45. Ne1 Re3 46. Qb3 Na3 47. Qb4 Qxb4 48. Rxb4 Bc4 49. Bxc4 bxc4 50. Ra4 Kh6 51. g4 f4 52. Ra6+ Kg7 53. h6+ Kf7 54. Ra7+ Kf6 55. Rxh7 d3 56. Rd7 Nc2 57. Nxd3 cxd3 58. h7 Re8 59. Rxd3 Kg6 60. Rd7 Rh8 61. Rd6+ Kxh7 62. Rd7+ Kg6 63. Rd6+ Kf7 64. Rd7+ Ke6 65. Rg7 Kf6 66. Rc7 Ke5 0-1

[Event "Naujac op 03rd"]
[Site "Naujac"]
[Date "2000.??.??"]
[Round "5"]
[White "Gendre, Kostia"]
[Black "Kouatly, Bachar"]
[Result "1/2-1/2"]
[WhiteElo "2176"]
[BlackElo "2480"]
[PlyCount "75"]
[EventDate "2000.??.??"]
[EventType "swiss"]
[EventRounds "9"]
[EventCountry "FRA"]
[SourceTitle "EXT 2001"]
[Source "ChessBase"]
[SourceDate "2000.11.22"]
[SourceVersion "1"]
[SourceVersionDate "2000.11.22"]
[SourceQuality "1"]

1. e4 c5 2. c3 Nf6 3. e5 Nd5 4. d4 cxd4 5. Nf3 e6 6. Bc4 Nb6 7. Bb3 dxc3 8. Nxc3 d5 9. exd6 Bxd6 10. 0-0 Nc6 11. Qe2 0-0 12. Rd1 Qe7 13. Ne4 Nd5 14. Bxd5 exd5 15. Rxd5 Re8 16. Rxd6 Qxe4 17. Qxe4 Rxe4 18. Be3 Bf5 19. Nd4 Nxd4 20. Rxd4 Ree8 21. Rc1 Be4 22. Rdd1 a5 23. Bd4 Bc6 24. Re1 Red8 25. Bc3 Rd5 26. Re5 Rxe5 27. Bxe5 f6 28. Bc3 Kf7 29. Re1 h5 30. h4 b5 31. a3 b4 32. axb4 axb4 33. Bxb4 Ra4 34. Re7+ Kg8 35. Bc5 Rxh4 36. Rc7 Bd5 37. Rd7 Bc6 38. Rd4 1/2-1/2

[Event "Naujac op 03rd"]
[Site "Naujac"]
[Date "2000.??.??"]
[Round "7"]
[White "Gentilleau, Jean Philippe"]
[Black "Kouatly, Bachar"]
[Result "1/2-1/2"]
[WhiteElo "2169"]
[BlackElo "2480"]
[PlyCount "63"]
[EventDate "2000.??.??"]
[EventType "swiss"]
[EventRounds "9"]
[EventCountry "FRA"]
[SourceTitle "EXT 2001"]
[Source "ChessBase"]
[SourceDate "2000.11.22"]
[SourceVersion "1"]
[SourceVersionDate "2000.11.22"]
[SourceQuality "1"]

1. Nf3 Nf6 2. c4 g6 3. Nc3 d5 4. cxd5 Nxd5 5. Qa4+ Bd7 6. Qh4 Bc6 7. Qd4 f6 8. e4 e5 9. Nxe5 fxe5 10. Qxe5+ Qe7 11. Qxh8 Nf6 12. Be2 Nbd7 13. d4 Bxe4 14. 0-0 0-0-0 15. Bg5 Bg7 16. Qxh7 Rh8 17. Qxh8+ Bxh8 18. Rfe1 Bf5 19. g4 Be6 20. Bc4 Nf8 21. Bxe6+ Nxe6 22. d5 Qb4 23. dxe6 Qxg4+ 24. Kf1 Qxg5 25. e7 Qh5 26. Rad1 b6 27. Rd8+ Kb7 28. Rf8 Qh3+ 29. Kg1 Qg4+ 30. Kf1 Qh3+ 31. Kg1 Qg4+ 32. Kf1 1/2-1/2

[Event "FRA-ch"]
[Site "Meribel"]
[Date "1998.08.28"]
[Round "15"]
[White "Kouatly, Bachar"]
[Black "Chomet, Pascal"]
[Result "1/2-1/2"]
[WhiteElo "2495"]
[BlackElo "2405"]
[PlyCount "165"]
[EventDate "1998.08.14"]
[EventType "tourn"]
[EventRounds "15"]
[EventCountry "FRA"]
[EventCategory "10"]
[SourceTitle "CBM 067"]
[Source "ChessBase"]
[SourceDate "1998.11.30"]
[SourceVersion "2"]
[SourceVersionDate "1998.11.01"]
[SourceQuality "1"]

1. d4 d6 2. e4 Nf6 3. Nc3 g6 4. g3 Nbd7 5. Bg2 c5 6. d5 Bg7 7. Nf3 b5 8. e5 dxe5 9. Nxb5 Qa5+ 10. Nc3 Ba6 11. Bd2 Rd8 12. d6 exd6 13. Nd5 Qa4 14. Nc7+ Ke7 15. Ng1 e4 16. b3 Qc6 17. Nxa6 Qxa6 18. Ne2 Rhe8 19. 0-0 Kf8 20. c4 d5 21. cxd5 Nxd5 22. Rc1 Kg8 23. Bg5 N7f6 24. Qc2 Rc8 25. a4 Re5 26. Bxf6 Nxf6 27. Nc3 Rce8 28. Rce1 Qb7 29. Re2 Qb4 30. Rfe1 h5 31. h3 c4 32. bxc4 Qxc4 33. Qd2 Bf8 34. Qf4 Rf5 35. Qc1 Rc5 36. Na2 Qxa4 37. Qa1 Bg7 38. Qb1 Qd4 39. Qb7 Rce5 40. Nb4 Qb6 41. Qxb6 axb6 42. Rb2 R5e6 43. Rb3 Bf8 44. Na6 Rc8 45. Rd1 Kg7 46. Bf1 Be7 47. Be2 Rc2 48. Kf1 e3 49. f3 h4 50. g4 Bc5 51. Nxc5 Rxc5 52. Rd4 Rc1+ 53. Kg2 Rc2 54. Kf1 Ra2 55. Rdd3 Ra1+ 56. Kg2 Re1 57. Rb2 g5 58. Rd4 Re5 59. f4 gxf4 60. Kf3 Nd5 61. Bc4 Nc3 62. Rd7 b5 63. Bxf7 e2 64. Bc4+ Kf8 65. Bxe2 R1xe2 66. Rxe2 Nxe2 67. g5 Re3+ 68. Kg4 f3 69. g6 Kg8 70. Kg5 Ng3 71. Rd8+ Kg7 72. Rd7+ Kf8 73. Rf7+ Ke8 74. Kxh4 Ne4 75. Rf4 f2 76. g7 Rg3 77. Rxe4+ Kd7 78. Rf4 Rxg7 79. Rxf2 Kc6 80. Kh5 b4 81. h4 Kd5 82. Kh6 Rg1 83. h5 1/2-1/2

[Event "FRA-ch"]
[Site "Meribel"]
[Date "1998.08.25"]
[Round "12"]
[White "Hauchard, Arnaud"]
[Black "Kouatly, Bachar"]
[Result "1-0"]
[WhiteElo "2500"]
[BlackElo "2495"]
[PlyCount "55"]
[EventDate "1998.08.14"]
[EventType "tourn"]
[EventRounds "15"]
[EventCountry "FRA"]
[EventCategory "10"]
[SourceTitle "CBM 067"]
[Source "ChessBase"]
[SourceDate "1998.11.30"]
[SourceVersion "2"]
[SourceVersionDate "1998.11.01"]
[SourceQuality "1"]

1. c4 Nf6 2. Nc3 e5 3. Nf3 e4 4. Ng5 b5 5. d3 bxc4 6. dxe4 Bb7 7. e5 h6 8. Nxf7 Kxf7 9. exf6 Qxf6 10. e4 Qe6 11. Be2 Bb4 12. 0-0 Bxc3 13. bxc3 Bxe4 14. Re1 Kg8 15. Bg4 Qg6 16. Rxe4 Qxe4 17. Bf3 Qd3 18. Qxd3 cxd3 19. Bxa8 c6 20. Be3 Kf7 21. Rd1 Ke6 22. Bxa7 Kd5 23. Rxd3+ Kc4 24. Rd6 Re8 25. g3 Kxc3 26. Bb7 Re1+ 27. Kg2 Rb1 28. Bc8 1-0

[Event "FRA-ch"]
[Site "Meribel"]
[Date "1998.08.22"]
[Round "9"]
[White "Kouatly, Bachar"]
[Black "Bauer, Christian"]
[Result "0-1"]
[WhiteElo "2495"]
[BlackElo "2490"]
[PlyCount "60"]
[EventDate "1998.08.14"]
[EventType "tourn"]
[EventRounds "15"]
[EventCountry "FRA"]
[EventCategory "10"]
[SourceTitle "CBM 067"]
[Source "ChessBase"]
[SourceDate "1998.11.30"]
[SourceVersion "2"]
[SourceVersionDate "1998.11.01"]
[SourceQuality "1"]

1. d4 Nf6 2. c4 e6 3. g3 c5 4. d5 exd5 5. cxd5 d6 6. Bg2 g6 7. Nc3 Bg7 8. Nf3 0-0 9. Nd2 b6 10. 0-0 Ne8 11. a4 Na6 12. Nc4 Nac7 13. Re1 Ba6 14. Qb3 Rb8 15. Nb5 Bxb5 16. axb5 Rb7 17. e4 Qd7 18. e5 dxe5 19. d6 Nxb5 20. Bg5 Nexd6 21. Nxd6 Nxd6 22. Bxb7 Qxb7 23. Red1 Nf5 24. Qd5 Qb8 25. Bd8 e4 26. Qd7 Bd4 27. Bg5 Nxg3 28. Rxd4 Ne2+ 29. Kg2 Nxd4 30. Rxa7 Nf3 0-1

[Event "FRA-chT"]
[Site "France"]
[Date "1994.??.??"]
[Round "8"]
[White "Kouatly, Bachar"]
[Black "Tersarkissoff, Jean Jacques"]
[Result "1-0"]
[WhiteElo "2480"]
[BlackElo "2120"]
[PlyCount "53"]
[EventDate "1994.??.??"]
[EventType "team"]
[EventRounds "11"]
[EventCountry "FRA"]
[SourceTitle "EXT 1999"]
[Source "ChessBase"]
[SourceDate "1998.11.16"]
[SourceVersion "1"]
[SourceVersionDate "1998.11.16"]
[SourceQuality "1"]

1. d4 d5 2. c4 dxc4 3. e4 c5 4. d5 Nf6 5. Nc3 b5 6. f3 e6 7. Nxb5 exd5 8. e5 Be6 9. exf6 Nc6 10. Bf4 Qa5+ 11. Nc3 0-0-0 12. Qa4 Qxa4 13. Nxa4 g5 14. Bxg5 Bd6 15. Rc1 Rhe8 16. Kf2 Bd7 17. Nc3 Be6 18. b3 d4 19. Ne4 cxb3 20. axb3 Bc7 21. Nxc5 d3 22. Bxd3 Bb6 23. Be4 Bd5 24. Be3 Bxe4 25. Nxe4 Rd2+ 26. Ne2 Kb8 27. Bxb6 1-0

[Event "FRA-chT"]
[Site "France"]
[Date "1994.??.??"]
[Round "?"]
[White "Pilotelle, Barbara"]
[Black "Kouatly, Bachar"]
[Result "0-1"]
[WhiteElo "2030"]
[BlackElo "2480"]
[PlyCount "58"]
[EventDate "1994.??.??"]
[EventType "team"]
[EventRounds "11"]
[EventCountry "FRA"]
[SourceTitle "TD"]
[Source "ChessBase"]
[SourceDate "1994.03.01"]
[SourceVersion "1"]
[SourceVersionDate "1994.03.01"]
[SourceQuality "1"]

1. e4 c5 2. Nf3 e6 3. d4 cxd4 4. Nxd4 Nf6 5. Nc3 Nc6 6. Ndb5 d6 7. Be2 a6 8. Nd4 Be7 9. 0-0 Qc7 10. Kh1 0-0 11. f4 Bd7 12. Bf3 Rac8 13. Be3 Na5 14. Rb1 b5 15. a3 Nc4 16. Bd2 Qb6 17. Be1 Ne3 18. Qd3 Nxf1 19. Bf2 Nxh2 20. Kxh2 e5 21. Nf5 Qxf2 22. Nxe7+ Kh8 23. Nxc8 Rxc8 24. f5 Bxf5 25. exf5 Rc4 26. Ne4 Nxe4 27. Bxe4 Qh4+ 28. Kg1 Qxe4 29. Qxd6 Qe3+ 0-1

[Event "FRA-chT1 9495"]
[Site "Montpellier"]
[Date "1994.??.??"]
[Round "?"]
[White "Seret, Jean Luc"]
[Black "Kouatly, Bachar"]
[Result "1/2-1/2"]
[WhiteElo "2450"]
[BlackElo "2520"]
[PlyCount "64"]
[EventDate "1994.04.??"]
[EventType "team-tourn"]
[EventRounds "16"]
[EventCountry "FRA"]
[SourceTitle "EXT 2015"]
[Source "ChessBase"]
[SourceDate "2014.11.20"]
[SourceVersion "1"]
[SourceVersionDate "2014.11.20"]
[SourceQuality "1"]
[WhiteTeam "Belfort"]
[BlackTeam "Lyon"]
[WhiteTeamCountry "FRA"]
[BlackTeamCountry "FRA"]

1. e4 c5 2. Nf3 e6 3. d3 d5 4. Nbd2 Nc6 5. g3 g6 6. Bg2 Bg7 7. 0-0 Nf6 8. exd5 Nxd5 9. Nb3 b6 10. c4 Nc7 11. Bf4 Bb7 12. Ne5 Bxe5 13. Bxe5 Nxe5 14. Bxb7 Rb8 15. Qe2 Qd6 16. f4 Nd7 17. Qf3 0-0 18. Rad1 e5 19. Qc6 Qxc6 20. Bxc6 Rbd8 21. Rfe1 Nb8 22. Bg2 exf4 23. gxf4 Ne6 24. Rf1 Nd4 25. Nxd4 Rxd4 26. a3 Nd7 27. b4 Rd8 28. f5 Kg7 29. bxc5 bxc5 30. Rb1 Rxd3 31. Rb7 a5 32. Ra7 Ne5 1/2-1/2

[Event "FRA-chT2 9495"]
[Site "France"]
[Date "1994.??.??"]
[Round "7"]
[White "Villeneuve, Alain"]
[Black "Kouatly, Bachar"]
[Result "1/2-1/2"]
[WhiteElo "2250"]
[BlackElo "2480"]
[PlyCount "81"]
[EventDate "1994.??.??"]
[EventType "team"]
[EventRounds "11"]
[EventCountry "FRA"]
[SourceTitle "EXT 2008"]
[Source "ChessBase"]
[SourceDate "2007.11.25"]
[SourceVersion "1"]
[SourceVersionDate "2007.11.25"]
[SourceQuality "1"]

1. d4 Nf6 2. c4 g6 3. Nf3 Bg7 4. Nc3 d5 5. Bg5 dxc4 6. e3 Be6 7. Nd2 c5 8. Nxc4 Nd5 9. Qa4+ Nc6 10. Ne5 0-0 11. Nxc6 bxc6 12. Rd1 Rb8 13. Nxd5 Bxd5 14. e4 Rb4 15. Qxa7 Bxe4 16. Bxe7 Qa8 17. Qxa8 Rxa8 18. f3 Bd5 19. Bxc5 Rxb2 20. Rd2 Rxd2 21. Kxd2 Rxa2+ 22. Ke3 Bh6+ 23. f4 Bxg2 24. Bxg2 Rxg2 25. Rb1 Rxh2 26. Bd6 f5 27. Rb7 g5 28. fxg5 Bxg5+ 29. Kf3 Rh3+ 30. Kg2 Rc3 31. Be5 h6 32. Rc7 Rc1 33. Rg7+ Kf8 34. Rc7 Ke8 35. Kf3 Rc3+ 36. Kf2 Bh4+ 37. Kg2 f4 38. Bxf4 Bf6 39. d5 cxd5 40. Rxc3 Bxc3 41. Bxh6 1/2-1/2

[Event "Doha"]
[Site "Doha"]
[Date "1993.??.??"]
[Round "8"]
[White "Al Khateeb, Ahmed Thabit"]
[Black "Kouatly, Bachar"]
[Result "1/2-1/2"]
[WhiteElo "2300"]
[BlackElo "2520"]
[PlyCount "38"]
[EventDate "1993.08.??"]
[EventType "tourn"]
[EventRounds "11"]
[EventCountry "QAT"]
[EventCategory "8"]
[SourceTitle "EXT 1997"]
[Source "ChessBase"]
[SourceDate "1996.11.15"]
[SourceVersion "1"]
[SourceVersionDate "1996.11.15"]
[SourceQuality "1"]

1. d4 Nf6 2. c4 g6 3. Nc3 d5 4. cxd5 Nxd5 5. e4 Nxc3 6. bxc3 Bg7 7. Be3 c5 8. Qd2 Qa5 9. Rc1 cxd4 10. cxd4 Qxd2+ 11. Kxd2 0-0 12. Rc7 Rd8 13. Bb5 Bxd4 14. Bxd4 Rxd4+ 15. Ke3 Rd8 16. Rxe7 Be6 17. Nf3 a6 18. Ba4 b5 19. Bb3 Nc6 1/2-1/2

[Event "Doha"]
[Site "Doha"]
[Date "1993.??.??"]
[Round "5"]
[White "Catalan, Toufeeq"]
[Black "Kouatly, Bachar"]
[Result "0-1"]
[WhiteElo "2200"]
[BlackElo "2520"]
[PlyCount "83"]
[EventDate "1993.08.??"]
[EventType "tourn"]
[EventRounds "11"]
[EventCountry "QAT"]
[EventCategory "8"]
[SourceTitle "EXT 1997"]
[Source "ChessBase"]
[SourceDate "1996.11.15"]
[SourceVersion "1"]
[SourceVersionDate "1996.11.15"]
[SourceQuality "1"]

1. d4 Nf6 2. c4 g6 3. Nc3 d5 4. cxd5 Nxd5 5. Bd2 Bg7 6. e4 Nb6 7. Be3 0-0 8. f4 Nc6 9. d5 Na5 10. Bd4 e5 11. Bxe5 Bxe5 12. fxe5 Qe7 13. Qd4 c5 14. Qf2 Nac4 15. Bxc4 Nxc4 16. Nf3 Bg4 17. d6 Qe6 18. Nd5 Bxf3 19. Qxf3 Qxe5 20. 0-0 Rad8 21. Qf6 h6 22. Qxe5 Nxe5 23. Nf6+ Kg7 24. Rad1 Nd7 25. Nxd7 Rxd7 26. e5 Re8 27. Rd5 b6 28. Rf4 f5 29. g4 Kf7 30. gxf5 gxf5 31. e6+ Rxe6 32. Rdxf5+ Kg6 33. h4 Rexd6 34. h5+ Kg7 35. b4 cxb4 36. Rxb4 Rd1+ 37. Kf2 R1d2+ 38. Ke3 Rxa2 39. Rg4+ Kh7 40. Rg6 Ra3+ 41. Ke2 Rg7 42. Rc6 0-1

[Event "ISL-FRA"]
[Site "Reykjavik"]
[Date "1993.??.??"]
[Round "10"]
[White "Kouatly, Bachar"]
[Black "Arnason, Jon Loftur"]
[Result "1/2-1/2"]
[WhiteElo "2505"]
[BlackElo "2535"]
[PlyCount "92"]
[EventDate "1993.??.??"]
[EventType "schev"]
[EventRounds "10"]
[EventCountry "ISL"]
[SourceTitle "CBM 035"]
[Source "ChessBase"]
[SourceDate "1993.08.01"]
[SourceVersion "1"]
[SourceVersionDate "1993.08.01"]
[SourceQuality "1"]

1. d4 Nf6 2. c4 e6 3. Nc3 Bb4 4. Qc2 Nc6 5. Nf3 d5 6. cxd5 exd5 7. Bg5 Qd6 8. Bxf6 Qxf6 9. a3 Bxc3+ 10. Qxc3 Bg4 11. Ne5 Nxe5 12. dxe5 Qb6 13. e3 0-0 14. Bd3 Rae8 15. 0-0 Bh5 16. Rac1 c6 17. e4 d4 18. Qc5 Bg4 19. b4 Qxc5 20. Rxc5 Re7 21. f4 f6 22. h3 Bc8 23. exf6 gxf6 24. Kf2 Kg7 25. g4 h6 26. Kg3 Rfe8 27. Re1 Re6 28. f5 Re5 29. Kf4 Rxc5 30. bxc5 Re5 31. Rc1 Bd7 32. h4 b6 33. g5 Be8 34. Rc4 hxg5+ 35. hxg5 bxc5 36. Rc1 Bf7 37. gxf6+ Kxf6 38. Bc4 Bxc4 39. Rxc4 Re7 40. Rxc5 Rd7 41. Rc1 d3 42. e5+ Ke7 43. Ke3 Rd5 44. f6+ Kf7 45. Rxc6 Rxe5+ 46. Kxd3 Ra5 1/2-1/2

[Event "Doha"]
[Site "Doha"]
[Date "1993.??.??"]
[Round "7"]
[White "Kouatly, Bachar"]
[Black "Barcenilla, Rogelio"]
[Result "0-1"]
[WhiteElo "2520"]
[BlackElo "2465"]
[PlyCount "44"]
[EventDate "1993.08.??"]
[EventType "tourn"]
[EventRounds "11"]
[EventCountry "QAT"]
[EventCategory "8"]
[SourceTitle "EXT 1997"]
[Source "ChessBase"]
[SourceDate "1996.11.15"]
[SourceVersion "1"]
[SourceVersionDate "1996.11.15"]
[SourceQuality "1"]

1. d4 Nf6 2. c4 g6 3. Nc3 Bg7 4. e4 d6 5. f4 0-0 6. Nf3 c5 7. d5 e6 8. Be2 exd5 9. cxd5 Bg4 10. 0-0 Nbd7 11. Re1 Re8 12. h3 Bxf3 13. Bxf3 Qa5 14. Be3 b5 15. a3 Nb6 16. Bf2 Nc4 17. b3 Qxc3 18. bxc4 Nxe4 19. Rc1 Nxf2 20. Rxe8+ Rxe8 21. Kxf2 Qe3+ 22. Kg3 Bh6 0-1

[Event "ISL-FRA"]
[Site "Reykjavik"]
[Date "1993.??.??"]
[Round "8"]
[White "Kouatly, Bachar"]
[Black "Hjartarson, Johann"]
[Result "1/2-1/2"]
[WhiteElo "2505"]
[BlackElo "2625"]
[PlyCount "33"]
[EventDate "1993.??.??"]
[EventType "schev"]
[EventRounds "10"]
[EventCountry "ISL"]
[SourceTitle "CBM 035"]
[Source "ChessBase"]
[SourceDate "1993.08.01"]
[SourceVersion "1"]
[SourceVersionDate "1993.08.01"]
[SourceQuality "1"]

1. d4 Nf6 2. c4 e6 3. Nc3 Bb4 4. Qc2 c5 5. dxc5 0-0 6. a3 Bxc5 7. Bf4 b6 8. Nf3 Bb7 9. Rd1 Nc6 10. b4 Be7 11. e4 Rc8 12. Bd3 Nh5 13. Be3 Qc7 14. 0-0 Nf6 15. h3 Rfd8 16. Rc1 d6 17. Nd5 1/2-1/2

[Event "ISL-FRA"]
[Site "Reykjavik"]
[Date "1993.??.??"]
[Round "2"]
[White "Kouatly, Bachar"]
[Black "Stefansson, Hannes"]
[Result "1/2-1/2"]
[WhiteElo "2505"]
[BlackElo "2495"]
[PlyCount "43"]
[EventDate "1993.??.??"]
[EventType "schev"]
[EventRounds "10"]
[EventCountry "ISL"]
[SourceTitle "CBM 035"]
[Source "ChessBase"]
[SourceDate "1993.08.01"]
[SourceVersion "1"]
[SourceVersionDate "1993.08.01"]
[SourceQuality "1"]

1. d4 Nf6 2. c4 e6 3. Nc3 Bb4 4. Qc2 0-0 5. a3 Bxc3+ 6. Qxc3 b6 7. Bg5 Bb7 8. f3 h6 9. Bh4 d5 10. cxd5 exd5 11. e3 Re8 12. Be2 Nbd7 13. Nh3 c5 14. 0-0 Qe7 15. Bf2 Rac8 16. dxc5 Nxc5 17. Bb5 Nce4 18. Qd3 Nxf2 19. Nxf2 Bc6 20. Ba6 Bb7 21. Bb5 Bc6 22. Ba6 1/2-1/2

[Event "FRA"]
[Site "France"]
[Date "1993.??.??"]
[Round "?"]
[White "Letreguilly, Olivier"]
[Black "Kouatly, Bachar"]
[Result "1-0"]
[WhiteElo "2345"]
[BlackElo "2505"]
[PlyCount "105"]
[EventDate "1993.??.??"]
[EventType "team"]
[EventRounds "11"]
[EventCountry "FRA"]
[SourceTitle "TD"]
[Source "ChessBase"]
[SourceDate "1994.03.01"]
[SourceVersion "1"]
[SourceVersionDate "1994.03.01"]
[SourceQuality "1"]

1. Nf3 Nf6 2. g3 g6 3. Bg2 Bg7 4. 0-0 0-0 5. d3 d5 6. Nbd2 c5 7. e4 Nc6 8. Re1 e5 9. exd5 Nxd5 10. c3 h6 11. Nc4 Re8 12. a4 Bf5 13. a5 Nc7 14. Bf1 Qd7 15. Be3 Bf8 16. Nfd2 Na6 17. Ne4 Qd8 18. Qb3 Rb8 19. Qa3 Nd4 20. cxd4 cxd4 21. Qa4 dxe3 22. Nxe3 Kh8 23. Nxf5 gxf5 24. Nc3 Nb4 25. Qb3 Qf6 26. Ra4 Nc6 27. Nd5 Qd6 28. Bg2 Nd4 29. Qd1 Bg7 30. Rc4 f4 31. Qh5 Rf8 32. Nc3 f5 33. gxf4 exf4 34. Kh1 Rg8 35. Bd5 Rgf8 36. Rxd4 Rbd8 37. Re6 Qc7 38. Rxh6+ Bxh6 39. Qxh6+ Qh7 40. Qxh7+ Kxh7 41. Rxf4 b6 42. a6 Kg6 43. Rf3 Rfe8 44. Re3 Rxe3 45. fxe3 b5 46. b4 Rd6 47. Bb7 Rxd3 48. Nxb5 Rxe3 49. Nxa7 f4 50. Kg2 Re2+ 51. Kf3 Rxh2 52. Nb5 Rh3+ 53. Kg2 1-0